Hromadný nález radiolaritových čepelí z Kálnice

Bibliographic Details
Main Author: Spurný, Václav (Author)
Format: Article
Language:Czech

MARC

LEADER 00000nab a2200000 a 4500
001 vtls011130029
003 SK-MaSNL
005 20260303151142.0
008 230222|1957 xo |||||||||||||||||cze|
015 |a SNBRB 
035 |a (uuid)053afb96-7f3f-4531-9bfe-2a4d07c6c35d 
035 |a (urnnbn)urn:nbn:sk:snk:ar-a09jkw 
035 |a urn:nbn:sk:snk-aba7oh 
040 |a SNKBUCL  |b slo  |c SNKBUCL  |e AACR2 
041 0 |a cze 
044 |a xo  |c SK 
100 1 |a Spurný, Václav  |4 aut  |9 1170335 
245 1 0 |a Hromadný nález radiolaritových čepelí z Kálnice  |c Václav Spurný 
773 0 |t Slovenská archeológia  |g Roč. 5, č. 2 (1957), s. [307]-308 
958 |a OND 
958 |a EUIPO 
958 |a article13 
999 |c 2016381  |d 2018311